Rural Africa development project : identifying the problems of small farmers (Record no. 56805)

MARC details
000 -LEADER
fixed length control field 00759nam a2200205 a 4500
008 - FIXED-LENGTH DATA ELEMENTS--GENERAL INFORMATION
fixed length control field 060424s1976 ||||||||||||||||| || u
020 ## - INTERNATIONAL STANDARD BOOK NUMBER
International Standard Book Number 0903031337
050 ## - LIBRARY OF CONGRESS CALL NUMBER
Classification number HD 2131.5 Man
100 ## - MAIN ENTRY--PERSONAL NAME
Personal name Mann, Robert D
245 10 - TITLE STATEMENT
Title Rural Africa development project : identifying the problems of small farmers
260 ## - PUBLICATION, DISTRIBUTION, ETC.
Place of publication, distribution, etc. London :
Name of publisher, distributor, etc. INTERMEDIATE TECHNOLOGY
Date of publication, distribution, etc. 1976
260 ## - PUBLICATION, DISTRIBUTION, ETC.
Place of publication, distribution, etc. London :
Name of publisher, distributor, etc. INTERMEDIATE TECHNOLOGY PUBLICATIONS
Date of publication, distribution, etc. 1976
300 ## - PHYSICAL DESCRIPTION
Extent vi, 49 p. : ill.
350 ## - PRICE (NR) (BK AM CF MU VM SE) [OBSOLETE]
Price 0.00
500 ## - GENERAL NOTE
General note Bibliography
650 ## - SUBJECT ADDED ENTRY--TOPICAL TERM
Topical term or geographic name entry element AGRICULTURAL SURVEYS--ZAMBIA
650 ## - SUBJECT ADDED ENTRY--TOPICAL TERM
Topical term or geographic name entry element FARMS, SMALL - ZAMBIA
700 ## - ADDED ENTRY--PERSONAL NAME
Personal name Boyd, John E. L
995 ## - RECOMMENDATION 995 [LOCAL, UNIMARC FRANCE]
-- 0.00
-- CBU-MAIN LIBRARY (Kitwe)
-- 1
-- 3.50
-- 1
-- AVAILABLE
-- Zambiana Collection
Holdings
Withdrawn status Lost status Source of classification or shelving scheme Damaged status Not for loan Home library Current library Shelving location Date acquired Total Checkouts Full call number Barcode Date last seen Price effective from Koha item type
          CBU-MAIN LIBRARY, KITWE. CBU-MAIN LIBRARY, KITWE.   11/30/2022   HD 2131.5 Man 55778 11/30/2022 11/30/2022 MONOGRAPH